Spracovanie dokumentov vďaka inteligentným softvérom

Voľba moderných technológií, ktorá odbremení zamestnancov firmy od časovo náročných úkonov. Evidencia, vyhodnocovanie, skenovanie, úprava a archivácia dokladov. Aplikácie a pomocné operácie, ktoré zvyšujú používateľský komfort.

Salvato in:
Dettagli Bibliografici
Autore principale: Rafaj, Karol
Natura: Capitolo di libro
Lingua:slovacco
Soggetti:
Tags: Aggiungi Tag
Nessun Tag, puoi essere il primo ad aggiungerne!!

MARC

LEADER 00000naa a2200000 4500
001 0149691
005 20220725111630.1
041 0 |a slo 
044 |a SK 
245 1 0 |a Spracovanie dokumentov vďaka inteligentným softvérom  |c Karol Rafaj 
520 |a Voľba moderných technológií, ktorá odbremení zamestnancov firmy od časovo náročných úkonov. Evidencia, vyhodnocovanie, skenovanie, úprava a archivácia dokladov. Aplikácie a pomocné operácie, ktoré zvyšujú používateľský komfort. 
610 2 0 |a technológie informačné 
610 2 0 |a technológie komunikačné 
610 2 0 |a počítače 
610 2 0 |a spracovanie dát automatické 
610 2 0 |a spracovanie textov 
610 2 0 |a digitalizácia 
610 2 0 |a pamäť optická 
610 2 0 |a hardvér 
610 2 0 |a softvér 
100 1 |a Rafaj, Karol